Tributación de las adquisiciones intracomunitarias de bienes en el impuesto sobre el valor añadido (Registro nro. 165714)
[ vista simple ]
| 000 -LEADER | |
|---|---|
| fixed length control field | 02705nam a22002897a 4500 |
| 007 - PHYSICAL DESCRIPTION FIXED FIELD--GENERAL INFORMATION | |
| fixed length control field | cr|||| |||| |
| 008 - FIXED-LENGTH DATA ELEMENTS--GENERAL INFORMATION | |
| fixed length control field | 180314s2010 es |||||s|||| 00||0 spa d |
| 020 ## - INTERNATIONAL STANDARD BOOK NUMBER | |
| International Standard Book Number | 978-84-9123-374-9 |
| 035 ## - | |
| -- | 21062 |
| 040 ## - CATALOGING SOURCE | |
| Original cataloging agency | vLex |
| 090 ## - | |
| -- | 7476 |
| -- | 7476 |
| 100 1# - MAIN ENTRY--PERSONAL NAME | |
| Personal name | Arribas León, Mónica |
| 245 10 - TITLE STATEMENT | |
| Title | Tributación de las adquisiciones intracomunitarias de bienes en el impuesto sobre el valor añadido |
| Medium | [Recurso electrónico] / |
| Statement of responsibility, etc | Mónica Arribas León, Montserrat Hermosín Álvarez |
| 256 ## - | |
| -- | Servicio en línea |
| 260 ## - PUBLICATION, DISTRIBUTION, ETC. (IMPRINT) | |
| Place of publication, distribution, etc | Madrid: |
| Name of publisher, distributor, etc | Marcial Pons, |
| Date of publication, distribution, etc | 2010 |
| 300 ## - PHYSICAL DESCRIPTION | |
| Extent | 1 recurso electrónico |
| 500 ## - GENERAL NOTE | |
| General note | El régimen transitorio del IVA, que se implantó con vocación coyuntural, ha pasado a asentarse en las legislaciones internas de los Estados miembros de la Unión Europea, sin que previsiblemente el principio de imposición en origen se pueda convertir en una realidad a corto plazo. El cumplimiento de este principio se ha articulado a través de la creación de un nuevo hecho imponible conformado por las adquisiciones intracomunitarias de bienes. En esta obra se analiza su régimen jurídico y los principales problemas que plantea su aplicación. Se caracteriza por ser un sistema complejo que presenta numerosos problemas en su funcionamiento; el fraude y los supuestos de responsabilidad, la exención de las operaciones triangulares, las reglas de localización y devengo son algunas de las cuestiones que se afrontan en sus páginas. Las dificultades interpretativas son innumerables, y prueba de ello son las abundantes consultas que se plantean a la Administración Tributaria. El presente es un trabajo académico que sigue paso a paso la realidad de las adquisiciones intracomunitarias de bienes junto a la doctrina, la jurisprudencia y los pronunciamientos de la Dirección General de Tributos. Esto, junto a la permanencia del sistema transitorio y a los inconvenientes que plantea su aplicación hace de éste un libro especialmente útil para los profesionales del Derecho |
| 506 1# - RESTRICTIONS ON ACCESS NOTE | |
| Terms governing access | Disponible solo en los productos indicados |
| Authorized users | vLex Global |
| -- | vLex Global (Academic Edition, excluding Law Schools) |
| -- | vLex Global (U.S. Academic Edition, Law Schools) |
| -- | vLex Global (U.S. Academic Edition, excluding Law Schools) |
| -- | vLex Global (Academic Edition, Law Schools) |
| 650 04 - SUBJECT ADDED ENTRY--TOPICAL TERM | |
| Topical term or geographic name as entry element | Derecho Fiscal |
| Geographic subdivision | España |
| 650 04 - SUBJECT ADDED ENTRY--TOPICAL TERM | |
| Topical term or geographic name as entry element | Derecho Tributario |
| Geographic subdivision | España |
| 650 04 - SUBJECT ADDED ENTRY--TOPICAL TERM | |
| Topical term or geographic name as entry element | Financiero |
| Geographic subdivision | España |
| 700 1# - ADDED ENTRY--PERSONAL NAME | |
| Personal name | Hermosín Álvarez, Montserrat |
| 740 0# - | |
| -- | vLex Libros (Servicio en línea) |
| 856 40 - LOCALIZACIÓN Y ACCESO ELECTRÓNICO | |
| Identificador Uniforme del Recurso (URI/URL) | https://app.vlex.com/#/sources/tributacion-de-las-adquisiciones-intracomunitarias-de-bienes-en-el-impuesto-sobre-el-valor-a-adido-21062 |
| 942 ## - | |
| -- | RAA |
| 999 ## - | |
| -- | 165714 |
| -- | 165714 |
No hay ítems disponibles.